000 00475nam a2200193Ia 4500
005 20250923145937.0
008 008 250917s9999 xx 000 0 eng d
037 _aTextual
040 _aDSWL
_beng
_cDSWL
041 _aeng
_2eng
084 _qDSWL
245 0 _aAre there alternatives?
_cEd. by L. Panitch
260 _aLondon
_b Merlin Press
_c1996
300 _a307p.
365 _aGBP
_b12.95
925 _g12.95
942 _cTEXL
999 _c1457638
_d1457638